Представление документа в формате MARC21

Поле Инд. ПП Название Значение
Тип записи a
Библиографический уровень b
001 Контрольный номер RU/IS/BASE/149092624
005 Дата корректировки 20260112122230.4
084 a Индекс другой классификации/Индекс ББК 68.9; 60.02
097 00 a 750
100 10 a Автор Ярочкин В. И.
q Полное имя Ярочкин Владимир Иванович
245 00 a Заглавие Основы секьюритологии
650 04 a Основная рубрика гражданская защита
a Основная рубрика социальные науки (общественные науки)
a Основная рубрика чрезвычайные ситуации
653 00 a Ключевые слова безопасность
a Ключевые слова безопасность жизнедеятельности
a Ключевые слова концепция безопасности
a Ключевые слова обеспечение безопасности жизнедеятельности
a Ключевые слова общество
a Ключевые слова секьюритологические исследования
a Ключевые слова секьюритология
a Ключевые слова цивилизация
a Ключевые слова человек
a Ключевые слова человечество
773 00 t Заглавие источника Соционика, психология и межличностные отношения: человек, коллектив, общество
d Дата издания источника 2000
g Прочая информация № 4. - С. 48 - 61
w Контрольный № источника RU/IS/BASE/142612643
901 t Тип документа b